Szczegóły MARC21

Na przełomie : antologia relacji nauczycieli i uczniów z lat 1944-1956. Cz. 2 /

003 -Nazwa inst., której nr kontr. jest w polu 001 [,]
    • @
    • Nazwa instytucji, której n kontrolny jest w polu 001
    • NUKAT
005 -DATA I CZAS OSTATNIEJ MODYFIKACJI [,]
    • @
    • pole kontrolne
    • 20241231113805.0
020 -Międzynarod. znormalizowany nr książki - ISBN [ , ]
    • a
    • Numer ISBN
    • 8386148780 Find
040 -Instytucja sporządzająca opis [ , ]
    • a
    • Instytucja, która sporządziła opis (NP)
    • Ł U/GS
    • c
    • Instytucja, która sporządziła rekord (NP)
    • Ł U/GS
    • d
    • Instytucja, która zmodyfikowała rekord (P)
    • Ł U/GS
    • d
    • Instytucja, która zmodyfikowała rekord (P)
    • Ł U/MRs
942 -Rodzaj dokumentu [ , ]
    • c
    • Rodzaj dokumentu
    • Książka
245 -Strefa tytułu i oznaczenia odpowiedzialności [0,0]
    • a
    • Tytuł
    • Na przełomie : Find
    • b
    • Ciąg dalszy tytułu (NP)
    • antologia relacji nauczycieli i uczniów z lat 1944-1956. Cz. 2 / Find
    • c
    • Pozostałe elementy strefy tytułu i oznaczenia odpowiedzialności (NP)
    • wybór i oprac. Stanisław Mauersberg, Marian Walczak ; Polskie Towarzystwo Pedagogiczne.
260 -Strefa adresu wydawniczego [ , ]
    • a
    • Miejsce wydania (P)
    • Warszawa :
    • b
    • Nazwa wydawcy (P)
    • Polskie Towarzystwo Pedagogiczne ;
    • a
    • Miejsce wydania (P)
    • Radom :
    • b
    • Nazwa wydawcy (P)
    • Instytut Technologii Eksploatacji,
    • c
    • Data wydania (P)
    • 1996.
300 -Strefa opisu fizycznego [ , ]
    • a
    • Określenie formy książki i/lub objętość (NP)
    • 253, [2] s. ;
    • c
    • Format (NP)
    • 21 cm.
336 -Typ zawartości [ , ]
    • a
    • Termin opisujący typ zawartości
    • Tekst
    • b
    • Kod określający zawartość
    • txt
    • 2
    • Źródło (terminu i kodu)
    • rdacontent
337 -Typ mediów [ , ]
    • a
    • Tryb odtwarzania
    • Bez urządzenia pośredniczącego
    • b
    • Kod typu mediów
    • n
    • 2
    • Źródło (terminu i kodu)
    • rdamedia
338 -Typ/rodzaj nośnika [ , ]
    • a
    • Hasło opisujące typ nośnika
    • Wolumin
    • b
    • Kod typu nośnika
    • nc
    • 2
    • Źródło (terminu i kodu)
    • rdacarrier
080 -Uniwersalna Klasyfikacja Dziesiętna [ , ]
    • a
    • Symbol klasyfikacji
    • 37(091)(438)"19"(082.2)
080 -Uniwersalna Klasyfikacja Dziesiętna [ , ]
    • a
    • Symbol klasyfikacji
    • :929(438)"19"(082.2)
650 -Hasło przedmiotowe [ ,7]
    • a
    • Hasło przedmiotowe
    • Edukacja
    • z
    • Określnik geograficzny
    • Polska
    • y
    • Określnik chronologiczny
    • 1945-1970
    • x
    • Określnik rzeczowy
    • relacje osobiste.
    • 2
    • Źródło terminu
    • kaba
    • 9
    • KHW
    • 562608
650 -Hasło przedmiotowe [ ,7]
    • a
    • Hasło przedmiotowe
    • Edukacja i państwo
    • z
    • Określnik geograficzny
    • Polska
    • y
    • Określnik chronologiczny
    • 1945-1970
    • x
    • Określnik rzeczowy
    • relacje osobiste.
    • 2
    • Źródło terminu
    • kaba
    • 9
    • KHW
    • 562609
650 -Hasło przedmiotowe [ ,7]
    • a
    • Hasło przedmiotowe
    • Nauczyciele
    • z
    • Określnik geograficzny
    • Polska
    • y
    • Określnik chronologiczny
    • 1945-1970
    • v
    • Określnik formalny
    • pamiętniki.
    • 2
    • Źródło terminu
    • kaba
    • 9
    • KHW
    • 421809
650 -Hasło przedmiotowe [ ,7]
    • a
    • Hasło przedmiotowe
    • Uczniowie
    • z
    • Określnik geograficzny
    • Polska
    • y
    • Określnik chronologiczny
    • 1945-1970
    • v
    • Określnik formalny
    • pamiętniki.
    • 2
    • Źródło terminu
    • kaba
    • 9
    • KHW
    • 597934
980 -Symbol UKD [ , ]
    • a
    • UKD
    • 37(091)(438)"19"(082.2):929(438)"19"(082.2)
700 -Hasło dodatkowe - nazwa osobowa [1, ]
    • a
    • Nazwa osobowa (NP)
    • Mauersberg, Stanisław Find
    • d
    • Daty biograficzne (NP)
    • (1924-2012).
    • e
    • Określenie rodzaju współpracy
    • Oprac.
    • 9
    • KHW
    • 37733
700 -Hasło dodatkowe - nazwa osobowa [1, ]
    • a
    • Nazwa osobowa (NP)
    • Walczak, Marian Find
    • d
    • Daty biograficzne (NP)
    • (1923-2020).
    • e
    • Określenie rodzaju współpracy
    • Oprac.
    • 9
    • KHW
    • 510409
710 -Hasło dodatkowe - nazwa ciała zbiorowego [2, ]
    • a
    • Nazwa ciała zbiorowego lub nazwa geograficzna jako pierwszy element (NP)
    • Polskie Towarzystwo Pedagogiczne.
    • 4
    • Kod relacji
    • pbl
    • 9
    • KHW
    • 48135
710 -Hasło dodatkowe - nazwa ciała zbiorowego [2, ]
    • a
    • Nazwa ciała zbiorowego lub nazwa geograficzna jako pierwszy element (NP)
    • Instytut Technologii Eksploatacji (Radom).
    • 4
    • Kod relacji
    • pbl
    • 9
    • KHW
    • 21323
920 -ISBN [ , ]
    • a
    • ISBN
    • 83-86148-78-0 Find
Numer inwentarzowy Status udost. Lokalizacja Data inwentaryzacji
Pd.98621BG1997-06-25